000 00968cam a22002777a 4500
003 UPN
005 20250301063804.0
008 230213s2014 |sp||||fr|||| 00| 0 spa d
020 _a9788446039259
040 _aMX-MxUPN
_bspa
_cMX-MxUPN
050 4 _aHQ1236
_bW65 2014
100 1 _941633
_aShelley, Mary Wollstonecraft,
_d1797-1851
245 1 0 _aVindicación de los derechos de la mujer
260 _aMadrid, España :
_bAkal,
_c2014
300 _a309 páginas
490 0 _aRevoluciones ;
_v10
650 4 _aDerechos de las mujeres
_98904
650 4 _aMujeres
_xProblemas sociales y morales
_95340
650 4 _aMujeres
_xEducación
_9182
700 1 _947802
_aBrotons Muñoz, Alfredo
_etraductor de introducción
700 1 _947803
_aLois González, Marta
_etraductora
700 1 _947805
_aRowbotham, Sheila
_eescritora de introducción
700 1 _942204
_aPower, Nina
_eescritora de comentario
902 _aVíctorGodínez/130223
942 _2lcc
_cLIBRO
999 _c209142
_d209142